Daily Meditations. (Record n. 23599)

Dettagli MARC
000 -LEADER
fixed length control field 00577nam a2200217Ia 4500
003 - CONTROL NUMBER IDENTIFIER
control field 165 p. 3° vol. The great prayers
008 - FIXED-LENGTH DATA ELEMENTS--GENERAL INFORMATION
fixed length control field 120407s9999 xx 000 0 und d
040 ## - CATALOGING SOURCE
Original cataloging agency IT-RoPAU
040 ## - CATALOGING SOURCE
Transcribing agency 160 P."
041 ## - LANGUAGE CODE
Language code of text/sound track or separate title ita
100 ## - MAIN ENTRY--PERSONAL NAME
Personal name Giacomo Alberione
245 ## - TITLE STATEMENT
Title Daily Meditations.
250 ## - EDITION STATEMENT
Edition statement Boston
260 ## - PUBLICATION, DISTRIBUTION, ETC. (IMPRINT)
Place of publication, distribution, etc. Daughters of St. Paul
260 ## - PUBLICATION, DISTRIBUTION, ETC. (IMPRINT)
Date of publication, distribution, etc. 1983
300 ## - PHYSICAL DESCRIPTION
Dimensions 18,5 cm
490 ## - SERIES STATEMENT
Volume/sequential designation 13
600 ## - SUBJECT ADDED ENTRY--PERSONAL NAME
Personal name "1° Vol The great truths
942 ## - ADDED ENTRY ELEMENTS (KOHA)
Koha item type LIBRO
Dati di copia
Withdrawn status Lost status Source of classification or shelving scheme Damaged status Not for loan Home library Current library Date acquired Total Checkouts Full call number Date last seen Price effective from Koha item type Public note
    Dewey Decimal Classification Buone Condizioni Not For Loan PAULUS-BIBLIOTECA PAULUS-BIBLIOTECA 11/04/2012   ScGA.129 11/04/2012 11/04/2012 LIBRO 238 p. 2° Vol The great virtues
CREDITS: SOCIETA' SAN PAOLO Via A.Severo, 58 - ROMA (RM) & PERIODICI SAN PAOLO SRL Via Giotto, 36 MILANO & CISF Via Giotto, 36 MILANO & EDIZIONI SAN PAOLO SRL,  Piazza Soncino, 5 CINISELLO BALSAMO (MI) -- ITALY